| 000 | 00651nam a22001217a 4500 | ||
|---|---|---|---|
| 008 | 110615t xxu||||| |||| 00| 0 eng d | ||
| 010 | _aSCCAF24 | ||
| 245 | _aSupreme Court Criminal Appeal No. 13 OF 1998 Kikonyogo George Vs Uganda | ||
| 260 | _c1998 | ||
| 500 | _aCoram: Tsekooko, J.S.C., Karokora, J.S.C., Mulenga, J.S.C., Kanyeihamba, J.S.C., and Mukasa-Kikonyogo, J.S.C. | ||
| 500 | _aAppeal from the decision of the Court of Appeal MANYINDO D.C.J., KATO, J.A., and Berko, J.A. dated 17th July 1998 in Court of Appeal Criminal Appeal NO. 19 of 1997 | ||
| 999 |
_c2966 _d2966 |
||